Estimation of emission factors of light duty vehicles using regional representative driving cycles in Dhaka city (Record no. 45622)

000 -LEADER
fixed length control field 00596nam a22001937a 4500
001 - CONTROL NUMBER
control field 45622
003 - CONTROL NUMBER IDENTIFIER
control field BD-DhUET
008 - FIXED-LENGTH DATA ELEMENTS--GENERAL INFORMATION
fixed length control field 250802b xxu||||| |||| 00| 0 eng d
040 ## - CATALOGING SOURCE
Transcribing agency 0
Modifying agency BD-DhUET
082 ## - DEWEY DECIMAL CLASSIFICATION NUMBER
Classification number 625.54922
Item number SAD/2025
100 ## - MAIN ENTRY--PERSONAL NAME
Personal name Sadab Ishraq Khan
245 ## - TITLE STATEMENT
Title Estimation of emission factors of light duty vehicles using regional representative driving cycles in Dhaka city
260 ## - PUBLICATION, DISTRIBUTION, ETC. (IMPRINT)
Place of publication, distribution, etc. Dhaka
Name of publisher, distributor, etc. Department of Civil Engineering, BUET
Date of publication, distribution, etc. 2025
300 ## - PHYSICAL DESCRIPTION
Extent ix,84p.
501 ## - WITH NOTE
With note One CD-ROM
504 ## - BIBLIOGRAPHY, ETC. NOTE
Bibliography, etc Includes bibliographies
650 #0 - SUBJECT ADDED ENTRY--TOPICAL TERM
Topical term or geographic name as entry element Transportation
Geographic subdivision Dhaka City
942 ## - ADDED ENTRY ELEMENTS (KOHA)
Koha item type Thesis
Holdings
Koha full call number Lost status Price effective from Damaged status Withdrawn status Not for loan Koha item type Piece designation (barcode) Koha normalized classification for sorting Source of classification or shelving scheme Date acquired Sublocation or collection (holding branch) Location (home branch) Shelving location Koha date last seen
625/SAD/2025 2026-03-09   Thesis120973625_000000000000000_SAD_2025 2026-02-18Central Library, BUETCentral Library, BUETReference section2026-03-09